name the famous tv series - Statistics

General Stats
  • This quiz has been taken 297 times
  • The average score is 7 of 8
Answer Stats
Picture Answer % Correct
Friends
96%
Game of Thrones
94%
Stranger Things
94%
Breaking Bad
93%
South Park
85%
The Queen's Gambit
74%
Gossip Girl
64%
Brooklyn 99
57%
No matching quizzes found
Score Distribution
Percent of People with Each Score
Percentile by Number Answered
Your Score History
You have not taken this quiz